000 00376nam a2200145Ia 4500
008 100415s9999 xx 000 0 und d
082 _b11073
_a591.5
100 _aElton,C
245 _aThe Ecology Of Invasions
260 _aLONDON
_c1958
_bSCIENTIFIC PRAKASHAN
365 _b0
630 _aThe Ecology Of Invasions
730 _aThe Ecology Of Invasions
942 _cBOOK
999 _c593996
_d593993